000 00544nam a2200193Ia 4500
005 20250326144924.0
008 250326s9999 xx 000 0 und d
020 _a0-13-311051-6
037 _aTextbook
040 _aFMSL
_beng
_cFMSL
041 _aeng
_2eng
084 _aX8(A):51 N5;1
_qFMSL
100 _aYovovich B G
_9743970
245 0 _aNew marketing imperatives
_cYovovich B G
260 _aNew Jersey
_bNew Jersey, Prentice-Hall
_c1995
300 _a248p
942 _cTB
_hX8(A):51 N5;1
999 _c1305634
_d1305634